Introduction to numerical analysis (Record no. 77)
[ view plain ]
| 000 -LEADER | |
|---|---|
| fixed length control field | 00488 a2200193 4500 |
| 001 - CONTROL NUMBER | |
| control field | 002343 |
| 003 - CONTROL NUMBER IDENTIFIER | |
| control field | OSt |
| 005 - DATE AND TIME OF LATEST TRANSACTION | |
| control field | 20220119150331.0 |
| 008 - FIXED-LENGTH DATA ELEMENTS--GENERAL INFORMATION | |
| fixed length control field | |
| 082 ## - DEWEY DECIMAL CLASSIFICATION NUMBER | |
| Classification number | 519.4 |
| Item number | S65I |
| 100 1# - MAIN ENTRY--PERSONAL NAME | |
| Personal name | Store, J. |
| 245 1# - TITLE STATEMENT | |
| Title | Introduction to numerical analysis |
| Statement of responsibility, etc | by J. Store and R. Bulirsch |
| 250 ## - EDITION STATEMENT | |
| Edition statement | 3rd ed. |
| 260 ## - PUBLICATION, DISTRIBUTION, ETC. (IMPRINT) | |
| Place of publication, distribution, etc | New York |
| Name of publisher, distributor, etc | Springer |
| Date of publication, distribution, etc | 2009 |
| 300 ## - PHYSICAL DESCRIPTION | |
| Extent | 744p. |
| 653 ## - INDEX TERM--UNCONTROLLED | |
| Uncontrolled term | Numerical analysis; Mathematics |
| 700 ## - ADDED ENTRY--PERSONAL NAME | |
| Personal name | Bulirsch, R. |
| 942 ## - ADDED ENTRY ELEMENTS (KOHA) | |
| Source of classification or shelving scheme | Dewey Decimal Classification |
| Koha item type | Books |
| Withdrawn status | Lost status | Source of classification or shelving scheme | Damaged status | Not for loan | Collection code | Home library | Current library | Date acquired | Source of acquisition | Cost, normal purchase price | Full call number | Barcode | Date last seen | Price effective from | Koha item type |
|---|---|---|---|---|---|---|---|---|---|---|---|---|---|---|---|
| Dewey Decimal Classification | General Text Book | Central University Of Rajasthan | Central University Of Rajasthan | 28/09/2010 | MTH | 795.00 | 519.4 S65I | 2335 | 21/11/2024 | 02/09/2020 | Books |
